[Event "World Junior U20 Open 2018"]
[Site "Gebze"]
[Date "2018.09.07"]
[Round "3.10"]
[White "Hakobyan, Aram"]
[Black "Gavrilescu, David"]
[Result "1-0"]
[WhiteElo "2554"]
[BlackElo "2470"]
[Annotator "TA"]
[PlyCount "55"]
[EventDate "2018.09.05"]
[EventType "swiss"]
[EventCountry "TUR"]
[SourceTitle "playchess.com"]
[Source "ChessBase"]
[SourceQuality "1"]

{[%evp 24,55,9,7,26,20,73,0,110,30,35,54,40,43,54,45,58,63,196,174,175,181,234,256,646,639,880,874,29992,29993,29993,29994,29997,29998]} 1. c4 e6 2. Nc3 d5 3. d4 Bb4 4. e3 Nf6 5. a3 Bxc3+ 6. bxc3 O-O 7. cxd5 exd5 8. Bd3 Re8 9. Ne2 c5 10. O-O Nc6 11. Ng3 b6 12. Ra2 {E49: Nimzo-Indian: Rubinstein: 5 Bd3 d5 6 a3 Bxc3+ 7 bxc3} (12. f3 a5 13. Kh1 Ba6 14. Bxa6 Rxa6 15. Ra2 Ra7 16. a4 Rae7 17. Qb3 cxd4 18. cxd4 Nb4 19. Re2 Rc7 20. Ba3 {0-1 (40) Tregubov,P (2585)-Mareco,S (2635) Doha 2016}) 12... Bb7 13. f3 {LiveBook: 21 Games} h5 14. Re2 {White has an edge.} g6 $146 (14... Qd7 $11 {remains equal.}) ({Predecessor:} 14... Qd7 15. Qe1 Rad8 16. Nf5 g6 17. Qg3 Kh8 18. Qh4 Nh7 19. Nh6 Kg7 20. e4 cxd4 {½-½ (20) Marusenko,P (2320)-Melnichuk,M (2279) Kiev 2009}) 15. Qe1 (15. e4 $1 $16) 15... Qc8 (15... Rc8 $11) 16. Bb2 (16. f4 $1 $16) 16... Ba6 $11 17. Bxa6 Qxa6 18. e4 {[%cal Be3e4,Be4e5,Be5f6][%mdl 32]} cxd4 19. cxd4 Qc4 20. Qd2 h4 {[#]} (20... Ne7 $14) 21. Nf5 $1 $18 (21. Rc1 $6 Qb5 $16) 21... Re6 {[#]} 22. Ne3 $1 {[%cal Re3c4]} ({Don't take} 22. Nxh4 $6 dxe4 23. fxe4 Nxe4 $11) 22... Qb3 (22... Qb5 $142 23. a4 Qb4) 23. e5 Rae8 $2 (23... Nh5 24. f4 f5) 24. exf6 Rxe3 25. Bc1 Rxe2 26. Qh6 {[%csl Gf6][%cal Rh6g7] White mates.} Rxg2+ 27. Kxg2 {[%csl Gf6][%cal Rh6g7]} h3+ 28. Kg1 {Precision: White = 67%, Black = 21%.} 1-0

[Event "World Junior U20 Open 2018"]
[Site "Gebze"]
[Date "2018.09.07"]
[Round "3.11"]
[White "Kollars, Dmitrij"]
[Black "Makhnev, Denis"]
[Result "1/2-1/2"]
[WhiteElo "2536"]
[BlackElo "2449"]
[Annotator "TA"]
[PlyCount "108"]
[EventDate "2018.09.05"]
[EventType "swiss"]
[EventCountry "TUR"]
[SourceTitle "playchess.com"]
[Source "ChessBase"]
[SourceQuality "1"]

{[%evp 14,108,0,0,0,0,0,0,35,29,271,26,26,0,0,0,0,0,0,0,0,0,0,0,0,0,0,0,0,0,0,0,41,35,40,27,62,75,72,63,131,93,97,95,142,141,116,122,185,185,185,185,185,185,185,185,185,185,205,185,185,185,185,183,173,168,142,132,154,104,107,85,86,97,132,52,52,52,53,52,77,52,52,52,52,52,52,52,52,52,52,52,52,0,52,0,52]} 1. e4 e5 2. Nf3 Nc6 3. Bb5 Nf6 4. O-O Nxe4 5. Re1 Nd6 6. a4 {C67: Ruy Lopez: Berlin Defence: 4 0-0 Nxe4} Be7 7. Nc3 O-O 8. d4 {LiveBook: 5 Games} Nxd4 $146 ({Predecessor:} 8... e4 9. Nxe4 Nxe4 10. Rxe4 a6 11. Bd3 d5 12. Re3 Nb4 13. Bf1 Bf5 {½-½ (44) Nakamura,H (2776)-Aronian,L (2777) Zuerich 2015}) 9. Nxd4 exd4 10. Nd5 Re8 11. Bf4 {Qg4 is the strong threat.} Nxb5 $2 (11... b6 $1 $11 {and Black stays safe.}) 12. axb5 $2 (12. Qe2 $1 $18) 12... d6 $11 13. Qxd4 (13. Bg5 {is more complex.} Bxg5 14. Rxe8+ Qxe8 15. Nxc7 Qe5 16. Nxa8 h6 17. b6) 13... Be6 14. Nxe7+ Qxe7 15. Rxa7 Rxa7 16. Qxa7 b6 17. Bg3 Qd7 18. h3 h6 19. b3 Qxb5 20. Qxc7 Rc8 21. Qxd6 Rxc2 22. Be5 {Hoping for Qd8+.} Qc5 23. Qd8+ Kh7 24. Qd3+ Kg8 25. Qg3 {[%csl Ge5][%cal Rg3g7]} Qf8 26. Bc3 b5 ({Black should try} 26... Ra2 $14) 27. b4 Ra2 {[#]} 28. Re5 $1 Bd7 {[#]} 29. Rd5 $1 $36 {[%cal Rd5d7][%mdl 2048] White is in control.} Be8 30. Rd6 Re2 (30... h5 $16 31. Rh6 Ra3) 31. Rxh6 $1 $18 Re6 32. Rxe6 fxe6 33. Qe5 Qf7 34. h4 {[%cal Bh3h4,Bh4h5][%mdl 32]} Bc6 35. h5 Qd7 36. Bd4 Qe7 37. f3 {[%cal Bf2f3,Bf3f4][%mdl 32]} Kh7 38. Kf2 Qf7 39. f4 Qe7 40. g3 Be8 41. Ke3 {aiming for g4.} Qf6 42. Qb8 (42. Qc5 {feels hotter.} Qf5 43. Qe7 Qf7 44. Qg5 Qc7 45. Bb2) 42... Qe7 43. Bc3 e5 44. Bxe5 (44. Qxe5 $16 Qxe5+ 45. fxe5) 44... Qf7 $14 45. Qc8 {Threatens to win with g4.} Qxh5 46. g4 Qf7 47. Kf2 Bd7 48. Qc7 Qa2+ 49. Kg3 $1 Qd2 50. Qc3 $1 {[%cal Rc3d2]} Qxc3+ 51. Bxc3 g6 52. Bd4 Kg8 53. Bc3 ({Better is} 53. Kh4 $14) 53... Bc6 (53... Kh7 $1 $11) 54. Bd4 Bd7 $1 {Precision: White = 75%, Black = 55%.} 1/2-1/2

[Event "World Junior U20 Open 2018"]
[Site "Gebze"]
[Date "2018.09.07"]
[Round "3.12"]
[White "Christiansen, Johan-Sebastian"]
[Black "Percivaldi, Martin"]
[Result "1-0"]
[WhiteElo "2525"]
[BlackElo "2376"]
[Annotator "TA"]
[PlyCount "95"]
[EventDate "2018.09.05"]
[EventType "swiss"]
[EventCountry "TUR"]
[SourceTitle "playchess.com"]
[Source "ChessBase"]
[SourceQuality "1"]

{[%evp 13,95,37,50,39,43,45,48,47,45,51,128,128,134,142,145,139,151,73,136,136,119,116,133,125,137,135,119,103,98,94,110,110,116,116,103,106,119,68,138,116,162,119,145,131,143,120,314,305,347,320,347,252,359,271,555,552,530,537,523,489,600,603,652,650,775,757,1008,969,1155,1150,895,582,860,645,2441,1943,5239,5235,12839,12839,12839,12839,12839,12045]} 1. e4 e5 2. Nf3 Nc6 3. Bc4 Nf6 4. d3 Be7 5. O-O O-O 6. Re1 d6 7. a4 Bg4 8. h3 {C55: Two Knights: 4 d3, 4 d4 exd4 5 e5 and Max Lange Attack} Bh5 9. c3 h6 10. a5 {White is slightly better.} a6 11. Nbd2 {[%cal Bb1d2,Bd2f1,Bf1g3][%mdl 32]} g5 $146 (11... Nh7 $14) ({Predecessor:} 11... Nh7 12. g4 Bg6 13. Nf1 Ng5 14. Kg2 Nxf3 15. Qxf3 {½-½ (34) Predojevic,B (2650)-Filippov,A (2558) Moscow 2009}) 12. Nf1 $16 Qd7 13. Ng3 Bg6 14. Bb3 Rfd8 15. d4 (15. h4 $142) 15... Bf8 (15... exd4 $142 16. Nxd4 d5) 16. d5 {[#] Threatens to win with Ba4.} Ne7 17. Nh2 Nh7 18. Be3 Bg7 19. c4 f5 {aiming for ...f4.} 20. exf5 (20. Ba4 {is more complex.} Qc8 21. exf5 Nxf5 22. Bc2 Nf8 23. Ng4) 20... Nxf5 21. Nxf5 Bxf5 22. Nf1 Nf6 23. Ng3 Bg6 24. Bc2 Qf7 25. Qb1 (25. Ra3 $16) 25... Kh7 ({Better is} 25... Bxc2 $14 26. Qxc2 Nh5) 26. Ra3 c6 27. Bb6 Rd7 28. dxc6 bxc6 29. Rf3 Re8 $2 {[#]} (29... Bxc2 $16 {was worth a try.} 30. Qxc2+ Qg6) 30. Ne4 $1 $18 Re6 31. b4 Qe8 32. b5 cxb5 (32... Nxe4 {is a better defense.} 33. Bxe4 cxb5) 33. cxb5 axb5 $2 (33... Nxe4 34. Bxe4 axb5 35. Bxg6+ Rxg6 36. Qxb5 Rd8) 34. Nxf6+ {White is clearly winning.} Bxf6 35. Bxg6+ Qxg6 36. Qxb5 Qe8 37. a6 {[%cal Ba5a6,Ba6a7][%mdl 32]} d5 38. a7 Rdd6 39. Qb1+ Kg7 40. Bc5 Rd8 41. Qb7+ Kg6 42. Ra3 Ra8 43. Rb1 e4 44. Ra6 Rxa6 45. Qxa6 Qc8 46. Qxc8 Rxc8 47. Rb8 Rxc5 48. Rg8+ {Precision: White = 88%, Black = 32%.} 1-0

[Event "World Junior U20 Open 2018"]
[Site "Gebze"]
[Date "2018.09.07"]
[Round "3.13"]
[White "Can, Isik"]
[Black "Martirosyan, Haik M"]
[Result "1/2-1/2"]
[WhiteElo "2361"]
[BlackElo "2597"]
[Annotator "TA"]
[PlyCount "71"]
[EventDate "2018.09.05"]
[EventType "swiss"]
[EventCountry "TUR"]
[SourceTitle "playchess.com"]
[Source "ChessBase"]
[SourceQuality "1"]

{[%evp 25,71,-7,0,-8,-12,-42,0,0,0,0,0,0,0,-25,0,-5,9,0,14,0,8,8,12,17,32,4,29,28,38,31,29,26,42,18,48,48,50,41,52,0,0,0,0,0,0,0,0,0]} 1. e4 e5 2. Nf3 Nc6 3. Bb5 a6 4. Bxc6 dxc6 5. O-O Bd6 6. d4 exd4 7. Qxd4 f6 8. Be3 Ne7 {[%cal Bg8e7,Be7g6,Bg6e5][%mdl 32]} 9. Nbd2 Be6 10. Qc3 {C68: Ruy Lopez: Exchange Variation, sidelines} Qd7 11. Nd4 (11. Rfd1 Ng6 12. Nd4 O-O-O 13. N2b3 Bxb3 14. Qxb3 Bf4 15. Rd2 Bxe3 16. Qxe3 c5 17. Nb3 Qb5 18. Qxc5 Qxc5 19. Rxd8+ Rxd8 20. Nxc5 {½-½ (66) Kovalenko,I (2657)-Matlakov,M (2714) Minsk 2017}) 11... O-O-O 12. Nc4 Bxc4 13. Qxc4 Ng6 {[#] LiveBook: 3 Games} 14. f3 $146 ({Predecessor:} 14. Nf5 Bf4 15. Bxf4 Nxf4 16. Ne3 g6 17. Rad1 Qe7 {½-½ (60) Berelowitsch,A (2521)-Piorun,K (2591) Germany 2016}) 14... Ne5 15. Qe6 (15. Qc3 {looks sharper.} g6 16. Nb3 Rhe8 17. a4 Qe6 18. Rfd1) 15... Qxe6 (15... g6 {seems wilder.} 16. Qb3 Rhe8 17. Bf2 c5 18. Ne2 f5) 16. Nxe6 Rd7 17. b3 Re8 18. Nc5 Rf7 19. Rae1 b6 20. Nd3 ({Wrong is} 20. Nxa6 $2 Kb7 $19) 20... Ng6 21. Bf2 Kb7 22. Bg3 Bxg3 23. hxg3 c5 24. Kf2 h6 25. g4 a5 {[%cal Ba6a5,Ba5a4][%mdl 32]} 26. Rd1 Ne7 27. Nf4 {Strongly threatening Rd7.} Nc6 28. Rd2 a4 29. Rfd1 ({Of course not} 29. bxa4 Ra8 $15) 29... Ne5 30. Nd3 ({Reject} 30. bxa4 Ra8 $15) 30... Nxd3+ 31. Rxd3 $14 {KRR-KRR} Ra8 32. f4 (32. R1d2 $14) 32... axb3 {The position is equal.} 33. axb3 Ra2 34. R1d2 Kc6 35. c4 Ra1 36. Rd1 {Precision: White = 55%, Black = 50%.} 1/2-1/2

[Event "World Junior U20 Open 2018"]
[Site "Gebze"]
[Date "2018.09.07"]
[Round "3.14"]
[White "Van Foreest, Jorden"]
[Black "Ozen, Deniz"]
[Result "1/2-1/2"]
[WhiteElo "2624"]
[BlackElo "2431"]
[Annotator "TA"]
[PlyCount "81"]
[EventDate "2018.09.05"]
[EventType "swiss"]
[EventCountry "TUR"]
[SourceTitle "playchess.com"]
[Source "ChessBase"]
[SourceQuality "1"]

{[%evp 20,81,16,0,0,0,0,0,0,0,0,0,0,0,0,0,35,16,10,0,3,3,6,6,5,5,6,6,8,3,5,5,6,3,7,6,16,6,15,6,47,7,9,7,12,0,0,0,0,0,0,-5,-6,-16,-13,-49,-62,-95,-82,-91,-68,-62,0,0]} 1. e4 e5 2. Nf3 Nf6 3. Nxe5 d6 4. Nf3 Nxe4 5. d4 d5 6. Bd3 Nc6 7. O-O Be7 8. Re1 Bg4 9. c3 f5 10. Nbd2 O-O 11. Nf1 {LiveBook: 3 Games} Bh4 {C42: Petroff Defence: 3 Nxe5 and unusual White 3rd moves} 12. g3 Bg5 13. Bxg5 Nxg5 14. Be2 $1 Nh3+ 15. Kg2 f4 {[#] Threatens to win with ...Qf6.} 16. Ng1 $146 ({Predecessor:} 16. N3d2 Bxe2 17. Qxe2 Ng5 18. Qg4 fxg3 19. hxg3 {½-½ (50) Ljubojevic,L (2635)-Hjartarson,J (2555) Belgrade 1989}) 16... Bxe2 17. Qxe2 Ng5 {White must now prevent ...f3+.} 18. Nd2 Qd7 19. h4 fxg3 20. fxg3 Nf7 21. Qe6 Qxe6 22. Rxe6 Rae8 $132 {[%mdl 2048] Black is not keeping still} 23. Rae1 Nd6 24. Nh3 Rxe6 25. Rxe6 Nd8 26. Re7 Rf7 27. Re2 Rf6 28. Nf4 c6 29. Nf3 Ne4 30. Ng5 (30. c4 $5 {[%cal Rc4d5]}) 30... Nxg5 $1 31. hxg5 $11 {[%mdl 4096] Endgame KRN-KRN} Rf7 32. b3 g6 33. c4 dxc4 34. bxc4 Kf8 35. d5 Re7 36. Rd2 Re5 37. Kf3 Nf7 38. dxc6 bxc6 39. Nh3 Rc5 40. Rb2 Rxc4 (40... Nd8 $15) 41. Rb8+ {Precision: White = 44%, Black = 76%.} 1/2-1/2

[Event "World Junior U20 Open 2018"]
[Site "Gebze"]
[Date "2018.09.07"]
[Round "3.15"]
[White "Mohammad Nubairshah Shaikh"]
[Black "Petrosyan, Manuel"]
[Result "1/2-1/2"]
[WhiteElo "2443"]
[BlackElo "2581"]
[Annotator "TA"]
[PlyCount "100"]
[EventDate "2018.09.05"]
[EventType "swiss"]
[EventCountry "TUR"]
[SourceTitle "playchess.com"]
[Source "ChessBase"]
[SourceQuality "1"]

{[%evp 19,100,21,30,18,23,0,26,16,23,16,33,31,31,27,60,36,48,47,47,45,40,37,57,58,63,41,41,41,41,41,41,0,0,0,0,0,0,5,7,6,12,0,0,0,62,23,135,0,0,0,0,0,64,0,0,0,0,0,0,0,0,0,0,0,0,0,0,0,0,0,0,0,0,0,0,0,0,0,0,0,0,0,0]} 1. d4 Nf6 2. c4 e6 3. Nc3 Bb4 4. Qc2 Nc6 5. Nf3 d6 6. Bd2 O-O 7. a3 Bxc3 8. Bxc3 Qe7 9. b4 e5 10. d5 {E33: Nimzo-Indian: Classical: 4...Nc6} Nb8 {LiveBook: 6 Games} (10... Nd8 11. e3 Ne8 12. Bd3 f5 13. Nd2 Nf7 14. O-O Nf6 15. Be2 e4 16. Rfd1 Bd7 17. Bb2 Rae8 {½-½ (25) Ivanchuk,V (2748)-Hansen,C (2607) Skanderborg 2005}) 11. e3 Bg4 12. Be2 {White has an edge.} c6 13. dxc6 Nxc6 14. O-O Rac8 15. Rfd1 Rfd8 16. Rac1 h6 17. h3 Bh5 18. b5 $146 Nb8 19. Bb4 b6 20. a4 a5 21. Ba3 Qe6 22. Qa2 Ne4 23. Ng5 hxg5 24. Bxh5 {Hoping for Bg4.} Nd7 {[%cal Bb8d7,Bd7f6,Bf6e4][%mdl 32]} 25. Bg4 f5 26. Bf3 Ndf6 $1 27. Qc2 g6 28. Bxe4 Nxe4 29. f3 Nf6 $1 30. Qd3 Rd7 31. e4 (31. Bxd6 $2 Ne8 $19) 31... Kf7 (31... fxe4 $11 32. fxe4 g4) 32. Rc2 ({Don't go for} 32. Bxd6 $2 fxe4 33. fxe4 Rcd8 $19) 32... Kg7 (32... fxe4 $11 33. fxe4 g4) 33. Bc1 ({Don't blunder} 33. Bxd6 $2 fxe4 34. Qa3 (34. fxe4 $2 Rcd8 $19) 34... Rcd8 $19) (33. exf5 $16 Qxf5 34. Qb3) 33... fxe4 $11 34. fxe4 g4 35. h4 Rdc7 ({Black should try} 35... g3 $11) 36. Bg5 (36. Qe3 $1 $14) 36... Rxc4 {The position is equal.} 37. Bxf6+ (37. Rxc4 {is more complex.} Rxc4 38. Bxf6+ Kxf6 39. Qe3 Kg7 40. Qxb6 Qe7 41. Qxd6 Qxd6 42. Rxd6 Rxa4 43. Kf2) 37... Kxf6 38. Qxd6 Qxd6 39. Rxd6+ Kg7 $1 40. Rxc4 Rxc4 {[%mdl 4096] Endgame KR-KR} 41. Kf2 Rxe4 42. Rxb6 Rxa4 43. Re6 e4 44. Ke3 Rb4 45. b6 g3 46. Re5 Rxb6 {[#] Strongly threatening ...Ra6.} 47. Rxa5 Rb2 48. Kxe4 Rxg2 49. Kf3 Rg1 50. Rg5 Kf6 {Precision: White = 61%, Black = 48%.} 1/2-1/2

[Event "World Junior U20 Open 2018"]
[Site "Gebze"]
[Date "2018.09.07"]
[Round "3.16"]
[White "Liang, Awonder"]
[Black "Gokerkan, Cem Kaan"]
[Result "1-0"]
[WhiteElo "2575"]
[BlackElo "2416"]
[Annotator "TA"]
[PlyCount "105"]
[EventDate "2018.09.05"]
[EventType "swiss"]
[EventCountry "TUR"]
[SourceTitle "playchess.com"]
[Source "ChessBase"]
[SourceQuality "1"]

{[%evp 10,105,5,6,41,43,66,66,69,61,60,54,70,70,72,73,65,52,65,50,69,52,49,21,24,27,22,25,17,15,74,20,45,0,12,18,42,37,48,54,85,93,84,0,0,0,88,83,83,83,82,69,72,89,82,69,72,72,93,72,82,78,400,376,398,350,402,402,454,448,418,0,362,314,308,313,448,445,505,492,662,679,671,650,639,532,4664,604,29981,29982,29982,29983,29985,29984,29986,29982,29982,29983]} 1. e4 c5 2. Nf3 d6 3. Bb5+ Nd7 4. Ba4 (4. d4 cxd4 5. Qxd4 Ngf6 6. O-O a6 7. Be2 g6 8. c4 Bg7 9. Nc3 O-O 10. Qe3 b6 11. Rd1 Bb7 12. Ng5 Qc7 13. f3 Rac8 {0-1 (62) Nakamura,H (2777)-Vachier Lagrave,M (2779) Saint Louis 2018}) 4... Ngf6 5. O-O a6 6. c4 {LiveBook: 10 Games. B51: Sicilian: Moscow Variation (3 Bb5+) without 3...Bd7} e5 7. Nc3 g6 8. a3 $146 {White is slightly better.} ({Predecessor:} 8. d3 Bg7 9. a3 O-O 10. Rb1 Ne8 11. b4 Nc7 12. Bxd7 Qxd7 13. bxc5 dxc5 {½-½ (61) Reshef,O (2482)-Nitin,S (2408) Budapest 2018}) 8... Bh6 9. b4 O-O 10. Rb1 Qc7 11. d3 Bxc1 12. Qxc1 Kg7 13. Nh4 cxb4 14. axb4 Qd8 15. Qg5 {Hoping for Nf5+.} Nb8 16. Bd1 Ng4 17. Qxd8 Rxd8 18. Bxg4 Bxg4 19. f4 f6 (19... exf4 $11 {keeps the balance.} 20. Rxf4 Be6) 20. Rb2 ({Better is} 20. f5 $16) 20... Be6 21. Rbf2 Nd7 22. f5 Bg8 23. fxg6 hxg6 24. Rf3 Bf7 25. Rg3 Kh7 26. Rh3 Kg7 27. Rg3 Kh7 28. Nd5 Bxd5 29. cxd5 Rg8 30. Rc1 $40 {[%mdl 128] Strongly threatening Rc7. Black needs to defend precisely.} Rac8 31. Rxc8 Rxc8 32. Rxg6 $16 {[%mdl 4096] [#] Endgame aiming for Rg3. KRN-KRN} b6 33. Rg3 {Threatens to win with Nf5.} a5 34. bxa5 bxa5 35. Nf5 Rc1+ $2 {[%mdl 8192]} (35... Rd8 $16 {keeps fighting.}) 36. Kf2 $18 {[#] Black must now prevent Rg7+.} Nc5 37. Rg7+ Kh8 38. Ra7 Nxd3+ 39. Kf3 Ne1+ 40. Kf2 Nd3+ 41. Ke3 Nc5 42. Nxd6 a4 (42... Rc3+ {was worth a try.} 43. Kd2 Ra3) 43. Kf3 Rf1+ 44. Kg4 {Kh5 is the strong threat.} Nxe4 45. Nxe4 {KRN-KR} ({Less strong is} 45. Ra8+ Kg7 $16) 45... f5+ 46. Kg5 {White wants to mate with Nf6.} fxe4 47. Rxa4 {KR-KR} Rf2 48. d6 (48. Kg6 $142 Rxg2+ 49. Kf7 Rg7+ 50. Ke6 Rg6+ 51. Kxe5) 48... Rxg2+ 49. Kf6 {White mates.} Rd2 50. Ke7 Kg7 51. d7 Kg6 52. Rxe4 Kf5 53. Re1 {Precision: White = 64%, Black = 34%.} 1-0

[Event "World Junior U20 Open 2018"]
[Site "Gebze"]
[Date "2018.09.07"]
[Round "3.17"]
[White "Muradli, Mahammad"]
[Black "Narayanan.S.L"]
[Result "0-1"]
[WhiteElo "2407"]
[BlackElo "2573"]
[Annotator "TA"]
[PlyCount "90"]
[EventDate "2018.09.05"]
[EventType "swiss"]
[EventCountry "TUR"]
[SourceTitle "playchess.com"]
[Source "ChessBase"]
[SourceQuality "1"]

{[%evp 19,90,0,4,0,-3,0,0,-11,-1,-62,44,-34,-20,-35,-13,-45,-29,-42,-104,-82,-20,-67,-28,-125,-130,-120,-53,-52,-42,-54,-58,-141,-147,-141,-143,-153,-144,-218,-222,-227,-227,-248,-233,-242,-246,-227,-170,-169,-123,-225,-217,-234,-222,-211,-234,-226,-230,-206,-191,-729,-727,-722,-717,-699,-694,-778,-773,-676,-658,-621,-584,-583,-580]} 1. d4 Nf6 2. c4 e6 3. Nf3 d5 4. Nc3 Be7 5. Bf4 O-O 6. e3 Nbd7 7. Qc2 c5 8. Rd1 {D37: Queen's Gambit Declined: 5 Bf4} cxd4 9. Rxd4 Qa5 10. Bg3 a6 {LiveBook: 3 Games} (10... Nb6 11. Nd2 dxc4 12. Bxc4 Nxc4 13. Nxc4 Qa6 14. O-O Rd8 15. Rxd8+ Bxd8 {½-½ (40) Mamedyarov,S (2814)-Giri,A (2777) Shamkir 2018}) 11. Nd2 b5 12. Nb3 Qb6 13. cxd5 exd5 14. a4 $146 (14. Be2 $11) ({Predecessor:} 14. Be2 Bb7 15. O-O b4 {0-1 (37) Farago,I (2379)-Panjwani,R (2459) Budapest 2018}) 14... b4 ({Black should play} 14... Nc5 $15) 15. Na2 (15. Nxd5 $14 Nxd5 16. Rxd5) 15... Ne4 16. a5 Qb7 17. Bf4 (17. Be2 {feels hotter.} Nxg3 18. hxg3 Nf6 19. O-O Be6 20. Nac1) 17... Ndc5 18. f3 ({Don't go for} 18. Nxb4 $2 Ne6 $19) 18... Nxb3 19. Qxb3 Nf6 ({Black should try} 19... Nc5 $17 20. Qxd5 Qxd5 21. Rxd5 Na4) 20. Bd3 Be6 21. Kd2 (21. Kf2 $11) 21... Rfc8 22. Rxb4 {[#]} Bxb4+ (22... Qd7 $1 $17 {And now ...d4 would win.} 23. Rb7 Qe8) 23. Qxb4 $15 Qd7 $36 {[%mdl 2048] Black has some pressure.} 24. Nc3 Bf5 {White must now prevent ...Bxd3.} 25. Qd6 {[#]} (25. Be2 $1 $15) 25... Bxd3 $1 $17 26. Qxd7 Nxd7 27. Kxd3 Nc5+ 28. Kc2 (28. Kd2 $17) 28... Ne6 $19 29. Bd6 Rc6 30. Ba3 d4 31. exd4 Nxd4+ 32. Kb1 h5 33. Rd1 Ne6 34. g4 (34. Nd5 $17 {keeps fighting.} Kh7 35. g3) 34... hxg4 35. fxg4 Rc4 36. h3 Rd8 37. Nd5 Kh8 38. Ka2 Nc7 39. Nxc7 $2 (39. Nb6 Rxd1 40. Nxc4) 39... Rxd1 {Black is clearly winning.} 40. Nxa6 Ra4 41. Nc5 Rxa5 42. b4 Ra8 43. Kb3 Rb1+ 44. Bb2 Rb8 45. Nd3 f6 {Precision: White = 34%, Black = 58%.} 0-1

[Event "World Junior U20 Open 2018"]
[Site "Gebze"]
[Date "2018.09.07"]
[Round "3.18"]
[White "Martinez Alcantara, Jose Eduardo"]
[Black "Zou, Chen"]
[Result "0-1"]
[WhiteElo "2565"]
[BlackElo "2365"]
[Annotator "TA"]
[PlyCount "80"]
[EventDate "2018.09.05"]
[EventType "swiss"]
[EventCountry "TUR"]
[SourceTitle "playchess.com"]
[Source "ChessBase"]
[SourceQuality "1"]

{[%evp 23,80,22,4,0,0,0,41,36,35,15,40,39,48,42,57,43,48,47,46,48,151,77,88,85,161,156,297,149,166,-201,-192,-187,-192,-168,-158,-433,-426,-29982,-554,-624,-650,-635,-634,-622,-622,-611,-611,-523,-576,-613,-376,-29992,-29993,-29993,-29994,-29994,-29995,-29995,-29996]} 1. e4 c5 2. Nf3 d6 3. d4 cxd4 4. Nxd4 Nf6 5. Nc3 a6 6. f3 e5 7. Nb3 Be6 8. Be3 h5 9. Qd2 Nbd7 10. O-O-O Be7 11. Kb1 b5 {B90: Sizilianisch (Najdorf-Variante, Abweichungen)} 12. a3 (12. h4 O-O 13. Bg5 Rc8 14. a3 Qc7 15. g4 hxg4 16. fxg4 Nb6 17. Bxf6 Bxf6 18. g5 {½-½ (70) Yu,Y (2751)-Vachier Lagrave,M (2789) Riadh 2017}) 12... Rc8 {LiveBook: 4 Partien} 13. h4 Nb6 {Die Stellung ist ausgeglichen.} 14. Bg5 Qc7 15. Bxf6 gxf6 16. Na5 {[#]} f5 $146 ({Vorgänger:} 16... Rg8 17. g4 hxg4 18. fxg4 Rxg4 19. h5 Rg8 {1-0 (27) Demchenko,A (2645)-Areshchenko,A (2652) Tbilisi 2017}) 17. g3 Rg8 18. Bh3 $1 fxe4 (18... Rxg3 19. exf5 Rxh3 20. fxe6 $16) 19. Bxe6 fxe6 20. Nxe4 d5 21. Ng5 Qd6 (21... Rg6 $1 $14) 22. f4 (22. Rhe1 $142 $1) 22... Na4 $16 23. Nb3 $1 exf4 (23... Rc4 $16 {war angesagt.}) 24. gxf4 {zielt auf Tde1 ab.} Bf6 {[#]} (24... Rc4 $16 {war nötig.} 25. Rhe1 Qxf4) 25. Nd4 ({Der einzige Zug:} 25. Ne4 $1 $18 {[%cal Re4d6][%mdl 512]} Qe7 (25... dxe4 26. Qxd6) 26. Nxf6+ Qxf6 27. Nd4) 25... Rc4 (25... Bxd4 $2 26. Qxd4 Kd7 27. Rhe1 $18) 26. c3 $4 {[%mdl 8192] [#]} ({Minderwertig wäre} 26. Ndxe6 Bxb2 27. Rh3 Kd7 $11) (26. Qe3 $18 {vermeidet das Desaster.} Kd7 27. Ngxe6 (27. Ndxe6 Bxb2 28. Qa7+ Kc8 $11)) 26... Nxc3+ $1 $40 {[%mdl 640] Schwarz hat starken Angriff.} 27. bxc3 Bxd4 $1 28. Qe2 Bxc3 {Und ...Kd7 würde nun gewinnen.} 29. Rh3 $2 (29. Qxh5+ $17 Kd7 30. Qf7+ Qe7 31. Qxe7+ (31. Qxg8 $2 {ist das falsche Schlagen.} Qxa3 32. Qf7+ Kc6 $19) 31... Kxe7 32. Rh3) 29... Kd7 30. f5 (30. Ka2 $19 Bf6 31. f5) 30... exf5 (30... Qxa3 $142 31. Qxe6+ Kc7 32. Qe5+ Kb6 33. Rxc3 Rxc3 34. Qd4+ Ka5 35. Qd2 Qb4+ 36. Qb2 Rb3 37. Rd2 Rxb2+ 38. Rxb2 Qxh4 39. Ra2+ Kb6 40. Re2 Rxg5 41. Kc2 Qc4+ 42. Kd2 Rg3 43. Re6+ Kc5 44. Rg6 Rd3+ 45. Ke1 Qc1+ 46. Kf2 Qc2+ 47. Kg1 Rd1#) 31. Qxh5 Qxa3 {[%csl Gc3][%cal Ra3b2]} 32. Qf7+ Kc6 {[%csl Gc3][%cal Ra3b2]} 33. Qxd5+ Kb6 {[%csl Gc3][%cal Ra3b2]} 34. Qd6+ Qxd6 35. Rxd6+ Ka5 36. Rd5 Rgc8 {Und weiter mit ...Lf6 wäre nett.} 37. Rxf5 $2 (37. Kc2 $19) 37... Bh8 {Schwarz setzt Matt.} 38. Rf2 Rb4+ 39. Ka2 Rc1 {[%csl Gh8][%cal Rc1a1]} 40. Ra3+ Kb6 {Precision: Weiß = 42%, Schwarz = 58%.} 0-1